Los ídolos / (Registro nro. 1072)
[ vista simple ]
| 000 -LEADER | |
|---|---|
| fixed length control field | 01337nam a2200217 a 4500 |
| 003 - CONTROL NUMBER IDENTIFIER | |
| control field | AR-RoUNCS |
| 005 - DATE AND TIME OF LATEST TRANSACTION | |
| control field | 20260701154606.0 |
| 007 - PHYSICAL DESCRIPTION FIXED FIELD--GENERAL INFORMATION | |
| fixed length control field | ta |
| 008 - FIXED-LENGTH DATA ELEMENTS--GENERAL INFORMATION | |
| fixed length control field | 231004s2022 ag |r 00| f spa d |
| 020 ## - INTERNATIONAL STANDARD BOOK NUMBER | |
| International Standard Book Number | 978-987-725-522-5 |
| 040 ## - CATALOGING SOURCE | |
| Original cataloging agency | AR-RoUNCS |
| Language of cataloging | spa |
| Transcribing agency | AR-RoUNCS |
| 100 1# - MAIN ENTRY--PERSONAL NAME | |
| Personal name | Mujica Lainez, Manuel, |
| Dates associated with a name | 1910-1984 |
| Relator term | autor |
| 245 14 - TITLE STATEMENT | |
| Title | Los ídolos / |
| Statement of responsibility, etc. | Manuel Mujica Lainez. |
| 260 ## - PUBLICATION, DISTRIBUTION, ETC. | |
| Place of publication, distribution, etc. | Buenos Aires : |
| Name of publisher, distributor, etc. | Debolsillo, |
| Date of publication, distribution, etc. | c2022. |
| 300 ## - PHYSICAL DESCRIPTION | |
| Extent | 223 p. ; |
| Dimensions | 19 cm. |
| 490 0# - SERIES STATEMENT | |
| Series statement | Contemporánea |
| 520 ## - SUMMARY, ETC. | |
| Summary, etc. | Dos amigos hechizados en su adolescencia por Los ídolos, único libro publicado por el enigmático escritor Lucio Sansilvestre, se reencuentran en Londres luego de más de diez años sin verse. Uno de ellos, Gustavo, sabe que el autor fantasmal vive en esa ciudad y está empecinado en encontrarlo. El otro, espectador cauteloso de la fascinación de su amigo, decide acompañarlo en la pesquisa. Logran dar con Sansilvestre sin demasiado esfuerzo, pero a partir de ese encuentro, la trayectoria de sus vidas da un vuelco definitivo.<br/><br/>En esa zona inquietante entre el afecto y la obsesión, entre la veneración y el desprecio, se construye una trama seductora como un juego de espejos, en cuya espesura parece imposible no quedar atrapados. |
| 650 #7 - SUBJECT ADDED ENTRY--TOPICAL TERM | |
| Source of heading or term | embne |
| Topical term or geographic name entry element | Literatura argentina |
| 655 #7 - INDEX TERM--GENRE/FORM | |
| Genre/form data or focus term | Novela |
| Source of term | embne |
| 942 ## - ADDED ENTRY ELEMENTS (KOHA) | |
| Source of classification or shelving scheme | Universal Decimal Classification |
| Koha item type | Obra General |
| Suppress in OPAC | No |
| Withdrawn status | Lost status | Source of classification or shelving scheme | Damaged status | Not for loan | Collection | Home library | Current library | Date acquired | Source of acquisition | Total checkouts | Full call number | Barcode | Date last seen | Price effective from | Koha item type |
|---|---|---|---|---|---|---|---|---|---|---|---|---|---|---|---|
| Universal Decimal Classification | Colección General | Biblioteca Escuela de Ciencias Sociales | Biblioteca Escuela de Ciencias Sociales | 01/07/2026 | Donación 2023 | 82-31(82) M953 | 000151 | 01/07/2026 | 01/07/2026 | Obra General |